| 000 | 00834nam a2200253Ia 4500 | ||
|---|---|---|---|
| 003 | OSt | ||
| 005 | 20220923225433.0 | ||
| 006 | a|||||r|||| 00| 0 | ||
| 007 | ta | ||
| 008 | 220922b |||||||| |||| 00| 0 san d | ||
| 024 | _a268,112 | ||
| 037 | _cTextual | ||
| 040 |
_aARTS _cARTS _bsan |
||
| 041 |
_2san _asan |
||
| 082 | _aQ133:4x3,1, 15N1 | ||
| 100 |
_aसिंह, उदयनारायण _9156270 |
||
| 245 | 0 | _aखादिर गृह्य सूत्रम् | |
| 246 | _aKhādir gṛuhya sūtram | ||
| 260 |
_aदिल्ली _b चौख्म्बा संस्कृत प्रतिष्ठान _c1991 |
||
| 300 |
_a152पृ0 _ccm. |
||
| 650 | _aधर्म | ||
| 942 |
_hQ133:4x3,1, 15N1 _cTEXL _2CC |
||
| 999 |
_c378301 _d378301 |
||